Engineering ethics / (Record no. 132432)

MARC details
000 -LEADER
fixed length control field 00809nam a22002537a 4500
005 - DATE AND TIME OF LATEST TRANSACTION
control field 20170124110154.0
010 ## - LIBRARY OF CONGRESS CONTROL NUMBER
LC control number B-126476
020 ## - INTERNATIONAL STANDARD BOOK NUMBER
Terms of availability 150.00
International Standard Book Number 8120325788
035 ## - SYSTEM CONTROL NUMBER
System control number B-126476
037 ## - SOURCE OF ACQUISITION
Source of stock number/acquisition Cen Lib/Ret
040 ## - CATALOGING SOURCE
Original cataloging agency DPL
Language of cataloging EN
082 ## - DEWEY DECIMAL CLASSIFICATION NUMBER
Classification number 174.962
Item number GOV
100 ## - MAIN ENTRY--PERSONAL NAME
Personal name Govindarajan, M.
9 (RLIN) 34680
245 ## - TITLE STATEMENT
Title Engineering ethics /
Statement of responsibility, etc by M. Govindarajan, S. Senhikumar [and] S. Natarajan
260 ## - PUBLICATION, DISTRIBUTION, ETC. (IMPRINT)
Place of publication, distribution, etc New Delhi
Date of publication, distribution, etc 2005
Name of publisher, distributor, etc Prentice hall of India
270 ## - ADDRESS
City New Delhi
Address M-97, Connaught circus
Postal code 110001
300 ## - PHYSICAL DESCRIPTION
Extent xiv,181p.
Dimensions 22cm(Hb)
500 ## - GENERAL NOTE
General note Includes bibliographical references and index
650 ## - SUBJECT ADDED ENTRY--TOPICAL TERM
Topical term or geographic name as entry element Engineering ethics
9 (RLIN) 34681
650 ## - SUBJECT ADDED ENTRY--TOPICAL TERM
Topical term or geographic name as entry element Ethics
9 (RLIN) 11191
700 ## - ADDED ENTRY--PERSONAL NAME
Personal name Natarajan, S.
9 (RLIN) 34682
700 ## - ADDED ENTRY--PERSONAL NAME
Personal name Senthikumar, V.S.
9 (RLIN) 34683
942 ## - ADDED ENTRY ELEMENTS (KOHA)
Source of classification or shelving scheme Dewey Decimal Classification
Koha item type English Books
Classification part 174.962
Call number suffix GOV
Holdings
Withdrawn status Lost status Damaged status Not for loan Home library Current library Date acquired Source of acquisition Cost, normal purchase price Total Checkouts Full call number Barcode Date last seen Date checked out Copy number Cost, replacement price Price effective from Koha item type
        Central Library Central Library 22/07/2015 Cen Lib/Ret 150.00 1 174.962 GOV B-126476 28/04/2017 06/04/2017 1 150.00 22/07/2015 English Books

© Delhi Public Library
Hit Counter
free hit counter